Ricostruisci la Carriera del Calciatore - Sōkratīs Papastathopoulos - Statistics

Statistiche generali
  • Questo quiz è stato fatto 7 volte
  • Il punteggio medio è 2 su 10
Statistiche sulle risposte
Hint Risposta % Corretto
2005-2006 AEK Atene
67%
2006-2008 AEK Atene
33%
2006 Nikī Volo
33%
2011-2013 Werder Brema
33%
2018-2021 Arsenal
0%
2023- Betis
0%
2013-2018 Borussia Dortmund
0%
2008-2010 Genoa
0%
2010-2011 Milan
0%
2021-2023 Olympiakos
0%
Nessun quiz corrispondente trovato
Distribuzione punteggi
Percentuale di utenti per punteggio
Percentile per numero di risposta
I tuoi punteggi nel tempo
Non hai fatto questo quiz